00972nam a22002057a 450000500170000001000150001702000260003203500130005803700130007108200190008410000190010324500940012226000340021627000720025030000330032250001590035550000500051465001020056465001000066620141007110641.0 aENG-110993 a9789380607764c995.00 aEN-94525 bDBAD/PUB a364.1095409034 aWagner, Kim A. aThuggee :cby Kim A. Wagnerbbanditry and the British in early nineteenth-century India / aNew DelhibPrimus Booksc2014 aVirat Bhavan, Mukherjee Nagar Commercial ComplexbNew Delhie110009 axxvi;261p. :c24cm(Hb)bill. a Based on the author’s dissertation (Ph. D.--University of Cambridge, 2003) entitled: Thuggee and the construction of crime in early 19th century India. aIncludes bibliographical references and index a Thugs (Indic criminal group) z India zSindouse Region xHistoryxHistoriography.y19th century a Thugs (Indic criminal group)zIndia zSindouse Region xHistoryxHistoriography.y19th century